[Event "Oberliga Bayern 2324"]
[Site "Germany"]
[Date "2024.02.25"]
[Round "6.4"]
[White "Tafertshofer, Matthias"]
[Black "Quast, Michael"]
[Result "0-1"]
[WhiteElo "2053"]
[BlackElo "2211"]
[PlyCount "76"]
[EventDate "2023.10.22"]
[EventType "team-tourn"]
[EventRounds "9"]
[EventCountry "GER"]
[SourceTitle "EXT 2025"]
[Source "ChessBase"]
[SourceDate "2024.10.14"]
[SourceVersion "1"]
[SourceVersionDate "2024.10.14"]
[SourceQuality "1"]
[WhiteTeam "Weilheim"]
[BlackTeam "Regensburg Post/Sued"]
[WhiteTeamCountry "GER"]
[BlackTeamCountry "GER"]

1. d4 Nf6 2. c4 d6 3. Nc3 Nbd7 4. e4 e5 5. d5 Be7 6. Be3 Nc5 7. f3 a5 8. a3 b6 9. b4 Nb7 10. Nge2 0-0 11. Ng3 Ne8 12. Bd3 Bg5 13. Bxg5 Qxg5 14. Qd2 Qh4 15. 0-0 g6 16. f4 axb4 17. axb4 Rxa1 18. Rxa1 exf4 19. Nge2 g5 20. Ra8 Nf6 21. Nd4 Bd7 22. Ra7 Rb8 23. Ncb5 Ne8 24. e5 dxe5 25. Nf3 Qh6 26. Nxe5 Bxb5 27. cxb5 Ned6 28. Qc3 Qg7 29. Qxc7 Rc8 30. Qe7 Re8 31. Rxb7 Rxe7 32. Rxe7 Qf6 33. Nc6 g4 34. Ra7 g3 35. Ra8+ Kg7 36. Ra2 Qc3 37. Bf1 Qe3+ 38. Kh1 Qe1 0-1

[Event "Tirol Landesliga 2223"]
[Site "Austria"]
[Date "2022.10.01"]
[Round "1.6"]
[White "Tafertshofer, Matthias"]
[Black "Sovago, Philipp"]
[Result "1-0"]
[WhiteElo "2060"]
[BlackElo "1934"]
[PlyCount "105"]
[EventDate "2022.10.01"]
[EventType "team-tourn"]
[EventRounds "9"]
[EventCountry "AUT"]
[SourceTitle "EXT 2024"]
[Source "ChessBase"]
[SourceDate "2023.10.10"]
[SourceVersion "1"]
[SourceVersionDate "2023.10.10"]
[SourceQuality "1"]
[WhiteTeam "Schwaz"]
[BlackTeam "Rochade Rum"]
[WhiteTeamCountry "AUT"]
[BlackTeamCountry "AUT"]

1. Nf3 Nf6 2. c4 c5 3. b3 g6 4. Bb2 Bg7 5. g3 0-0 6. Bg2 d6 7. d4 cxd4 8. Nxd4 Qd7 9. 0-0 Nc6 10. Nc3 Rb8 11. e3 Ne5 12. Qe2 Qg4 13. Rfd1 Qxe2 14. Ncxe2 Bd7 15. Rac1 Rfc8 16. Nf4 g5 17. Nd3 Nxd3 18. Rxd3 Ng4 19. Rd2 h6 20. h3 Ne5 21. g4 Nc6 22. Ba3 Nxd4 23. exd4 b5 24. c5 b4 25. Bb2 dxc5 26. Rxc5 Rxc5 27. dxc5 Be6 28. Bxg7 Kxg7 29. Rc2 Rc8 30. c6 Rc7 31. Rc5 a6 32. Kf1 Kf8 33. Ke2 Ke8 34. Kd3 Kd8 35. Kd4 Ra7 36. Ra5 Kc7 37. Kc5 f6 38. Be4 Bf7 39. Ra4 a5 40. Kb5 Be8 41. Rxa5 Rxa5+ 42. Kxa5 e6 43. Kxb4 f5 44. Bf3 e5 45. gxf5 Bxc6 46. Bxc6 Kxc6 47. Kc4 h5 48. Kd3 Kd5 49. Ke3 e4 50. f6 Ke6 51. Kxe4 Kxf6 52. a4 h4 53. Kf3 1-0

[Event "Oberliga Bayern 1920"]
[Site "Bayern"]
[Date "2019.10.20"]
[Round "1.8"]
[White "Richter, Martin2"]
[Black "Tafertshofer, Matthias"]
[Result "1-0"]
[WhiteElo "2041"]
[BlackElo "2081"]
[PlyCount "65"]
[EventDate "2019.10.20"]
[EventType "team-tourn"]
[EventRounds "9"]
[EventCountry "GER"]
[SourceTitle "EXT 2022"]
[Source "ChessBase"]
[SourceDate "2021.10.06"]
[SourceVersion "1"]
[SourceVersionDate "2021.10.06"]
[SourceQuality "1"]
[WhiteTeam "Pang/Rosenheim"]
[BlackTeam "Weilheim"]
[WhiteTeamCountry "GER"]
[BlackTeamCountry "GER"]

1. d4 Nf6 2. c4 e6 3. Nc3 Bb4 4. f3 d5 5. a3 Bxc3+ 6. bxc3 0-0 7. e3 b6 8. cxd5 exd5 9. Bd3 Re8 10. Ne2 c5 11. 0-0 Ba6 12. Bxa6 Nxa6 13. Ng3 Qd7 14. Ra2 Nc7 15. Re2 Rad8 16. Rfe1 Ne6 17. Rd2 Qc6 18. e4 cxd4 19. cxd4 Rc8 20. e5 Nd7 21. Nf5 Rc7 22. Nd6 Rf8 23. Nf5 Re8 24. Qb3 b5 25. f4 Nxf4 26. Qg3 Ng6 27. h4 Qe6 28. Rf1 Rxc1 29. Nh6+ gxh6 30. Rxc1 h5 31. Rc7 Ndxe5 32. Re2 Nf3+ 33. Qxf3 1-0

[Event "Innsbruck op-A 2nd"]
[Site "Innsbruck"]
[Date "2018.08.26"]
[Round "2"]
[White "Sarkar, Justin"]
[Black "Tafertshofer, Matthias"]
[Result "1-0"]
[WhiteElo "2310"]
[BlackElo "2068"]
[PlyCount "89"]
[EventDate "2018.08.24"]
[EventType "swiss"]
[EventRounds "9"]
[EventCountry "AUT"]
[SourceTitle "CBM 186 Extra"]
[Source "ChessBase"]
[SourceDate "2018.08.24"]
[SourceVersion "1"]
[SourceVersionDate "2018.08.24"]
[SourceQuality "1"]

1. c4 e5 2. a3 Nf6 3. d3 a5 4. Nf3 Nc6 5. Bg5 Be7 6. Nc3 0-0 7. g3 h6 8. Bxf6 Bxf6 9. Bg2 d6 10. 0-0 Nd4 11. e3 Nxf3+ 12. Bxf3 c6 13. Qb3 Qc7 14. Rfd1 Bf5 15. Rac1 Rfe8 16. Na4 Rad8 17. c5 d5 18. d4 exd4 19. exd4 Re7 20. Nb6 Rde8 21. Qa4 Be4 22. Bg4 Bg5 23. Ra1 h5 24. Bxh5 g6 25. Be2 f5 26. Qb3 f4 27. Bf3 a4 28. Qc3 fxg3 29. hxg3 Rf8 30. Bxe4 dxe4 31. d5 Rh7 32. d6 Qd8 33. Qc4+ Rhf7 34. Qxe4 Rxf2 35. Qxg6+ Kh8 36. Re1 Rxb2 37. Re6 Bf6 38. Rae1 Rxb6 39. cxb6 Qxb6+ 40. Kh1 Qb3 41. Rxf6 Qd5+ 42. Qe4 Rxf6 43. Qxd5 cxd5 44. Re8+ Kg7 45. d7 1-0

[Event "Pfalz op-A 9th"]
[Site "Neustadt an der Weinstrasse"]
[Date "2018.02.09"]
[Round "1"]
[White "Parvanyan, Ashot"]
[Black "Tafertshofer, Matthias"]
[Result "1-0"]
[WhiteElo "2370"]
[BlackElo "2045"]
[PlyCount "77"]
[EventDate "2018.02.09"]
[EventType "swiss"]
[EventRounds "9"]
[EventCountry "GER"]
[SourceTitle "CBM 182 Extra"]
[Source "ChessBase"]
[SourceDate "2018.02.23"]
[SourceVersion "1"]
[SourceVersionDate "2018.02.23"]
[SourceQuality "1"]

1. Nf3 Nf6 2. c4 e6 3. g3 b6 4. Bg2 Bb7 5. 0-0 Be7 6. d4 0-0 7. Re1 c5 8. d5 exd5 9. Nh4 Ne4 10. cxd5 Bxh4 11. Bxe4 Bf6 12. Qc2 g6 13. Na3 d6 14. Bf4 Bg5 15. Qd2 Bxf4 16. Qxf4 Ba6 17. Rad1 Qe7 18. Bd3 Re8 19. e4 Bxd3 20. Rxd3 Nd7 21. Rdd1 Rab8 22. Qd2 a6 23. Kg2 f6 24. f4 b5 25. Nc2 Nb6 26. b3 Nd7 27. Re3 Qg7 28. Rde1 g5 29. Kh1 Kh8 30. b4 Nb6 31. R3e2 Nc4 32. Qc3 Rbc8 33. Qf3 g4 34. Qc3 Re7 35. bxc5 Rxc5 36. Nd4 Qf7 37. Nf5 Rec7 38. Qd4 Rd7 39. Nxd6 1-0

[Event "Innsbruck op-A 1st"]
[Site "Innsbruck"]
[Date "2017.08.31"]
[Round "7"]
[White "Tafertshofer, Matthias"]
[Black "Pregl, Walter"]
[Result "1-0"]
[WhiteElo "2015"]
[BlackElo "2021"]
[PlyCount "79"]
[EventDate "2017.08.25"]
[EventType "swiss"]
[EventRounds "9"]
[EventCountry "AUT"]
[SourceTitle "CBM 180 Extra"]
[Source "ChessBase"]
[SourceDate "2017.10.06"]
[SourceVersion "1"]
[SourceVersionDate "2017.10.06"]
[SourceQuality "1"]

1. d4 c5 2. d5 e5 3. e4 d6 4. Bb5+ Nd7 5. a4 a6 6. Be2 g6 7. Nc3 Bg7 8. Nf3 Ngf6 9. 0-0 0-0 10. Nd2 b6 11. Nc4 Qc7 12. f4 Ne8 13. f5 Rb8 14. Be3 Ndf6 15. g4 h6 16. h4 Nh7 17. g5 hxg5 18. hxg5 f6 19. fxg6 Nxg5 20. Bg4 Bxg4 21. Qxg4 Bh6 22. Qh5 Qg7 23. Rf2 Qh8 24. Rh2 Ng7 25. Qxh6 Nf3+ 26. Kg2 Nxh2 27. Qxh8+ Kxh8 28. Rh1 Kg8 29. Rxh2 f5 30. Nxd6 Rf6 31. Nxf5 Rxg6+ 32. Kf1 Nxf5 33. exf5 Rf8 34. Rf2 Rgf6 35. Ne4 Rxf5 36. Rxf5 Rxf5+ 37. Ke2 a5 38. Bg5 Rf8 39. d6 Rf7 40. d7 1-0

[Event "Innsbruck op-A 1st"]
[Site "Innsbruck"]
[Date "2017.08.30"]
[Round "6"]
[White "Spornberger, Maximilian"]
[Black "Tafertshofer, Matthias"]
[Result "1-0"]
[WhiteElo "2273"]
[BlackElo "2015"]
[PlyCount "53"]
[EventDate "2017.08.25"]
[EventType "swiss"]
[EventRounds "9"]
[EventCountry "AUT"]
[SourceTitle "CBM 180 Extra"]
[Source "ChessBase"]
[SourceDate "2017.10.06"]
[SourceVersion "1"]
[SourceVersionDate "2017.10.06"]
[SourceQuality "1"]

1. e4 e6 2. d3 d5 3. Nd2 Nf6 4. Ngf3 b6 5. c3 Be7 6. e5 Nfd7 7. d4 c5 8. Bb5 a6 9. Ba4 b5 10. Bc2 Nc6 11. 0-0 Qb6 12. dxc5 Bxc5 13. Qe2 Bb7 14. Nb3 Be7 15. Re1 Qc7 16. a3 h6 17. Nbd4 Nxd4 18. Nxd4 Nb6 19. Qg4 g5 20. Qh5 Qd7 21. b3 Rc8 22. Bd2 Rc7 23. Bd3 Bc8 24. Re3 Bf8 25. Rf3 Qd8 26. Bg6 fxg6 27. Qxg6+ 1-0

[Event "Innsbruck op-A 1st"]
[Site "Innsbruck"]
[Date "2017.08.28"]
[Round "3"]
[White "Tafertshofer, Matthias"]
[Black "Harutjunyan, Gevorg"]
[Result "0-1"]
[WhiteElo "2015"]
[BlackElo "2454"]
[PlyCount "56"]
[EventDate "2017.08.25"]
[EventType "swiss"]
[EventRounds "9"]
[EventCountry "AUT"]
[SourceTitle "CBM 180 Extra"]
[Source "ChessBase"]
[SourceDate "2017.10.06"]
[SourceVersion "1"]
[SourceVersionDate "2017.10.06"]
[SourceQuality "1"]

1. d4 d5 2. c4 Nc6 3. Nf3 Bg4 4. e3 e6 5. Nc3 Nf6 6. Qa4 Bxf3 7. gxf3 dxc4 8. Qxc4 a6 9. f4 Nd5 10. Bg2 Na5 11. Qe2 Bb4 12. Bd2 c6 13. Rc1 0-0 14. 0-0 f5 15. Na4 Bxd2 16. Qxd2 b5 17. Nc5 Rf6 18. b3 Rh6 19. h3 Ra7 20. Rfe1 g5 21. fxg5 Qxg5 22. f4 Qd8 23. Kh1 Rg7 24. Rg1 Qh4 25. Rcf1 Kf7 26. Rf3 Rg3 27. Qf2 Qxh3+ 28. Bxh3 Rhxh3+ 0-1

[Event "Innsbruck op-A 1st"]
[Site "Innsbruck"]
[Date "2017.08.26"]
[Round "2"]
[White "Tafertshofer, Matthias"]
[Black "Peyrer, Konstantin"]
[Result "0-1"]
[WhiteElo "2015"]
[BlackElo "2078"]
[PlyCount "94"]
[EventDate "2017.08.25"]
[EventType "swiss"]
[EventRounds "9"]
[EventCountry "AUT"]
[SourceTitle "CBM 180 Extra"]
[Source "ChessBase"]
[SourceDate "2017.10.06"]
[SourceVersion "1"]
[SourceVersionDate "2017.10.06"]
[SourceQuality "1"]

1. d4 Nf6 2. c4 e6 3. Nc3 d5 4. cxd5 exd5 5. Bg5 c6 6. Qc2 Be7 7. e3 Nbd7 8. Bd3 0-0 9. Nge2 Re8 10. 0-0 Nf8 11. Rae1 Ng4 12. Bxe7 Qxe7 13. h3 Nf6 14. Ng3 Ne6 15. Nf5 Qf8 16. Rb1 g6 17. Nh4 Ng5 18. Qe2 Qh6 19. Nf3 Nxh3+ 20. gxh3 Bxh3 21. Rfc1 Qh5 22. Ne1 Qg5+ 23. Kh1 Qh4 24. Nf3 Qh5 25. Nh2 Ng4 26. Qf3 Qh4 27. Bf1 Nxf2+ 28. Kg1 Bxf1 29. Qxf2 Qxf2+ 30. Kxf2 Bd3 31. Ra1 Re6 32. Rd1 Bf5 33. Rg1 h5 34. Ne2 Rae8 35. Nf1 Kf8 36. Nf4 Rd6 37. Ng3 Bg4 38. Rh1 Rf6 39. Rae1 c5 40. dxc5 d4 41. Kg2 Rxe3 42. Rxe3 dxe3 43. Rf1 Ra6 44. a3 h4 45. Ne4 e2 46. Re1 Ra4 47. b4 Rxa3 0-1

[Event "Porto Mannu op 9th"]
[Site "Porto Mannu"]
[Date "2017.06.09"]
[Round "8"]
[White "Tafertshofer, Matthias"]
[Black "Baenziger, Fabian"]
[Result "0-1"]
[WhiteElo "1983"]
[BlackElo "2342"]
[PlyCount "60"]
[EventDate "2017.06.03"]
[EventType "swiss"]
[EventRounds "9"]
[EventCountry "ITA"]
[SourceTitle "CBM 178 Extra"]
[Source "ChessBase"]
[SourceDate "2017.06.22"]
[SourceVersion "1"]
[SourceVersionDate "2017.06.22"]
[SourceQuality "1"]

1. d4 Nf6 2. c4 d6 3. Nc3 e5 4. dxe5 dxe5 5. Qxd8+ Kxd8 6. Bg5 c6 7. 0-0-0+ Nbd7 8. Nf3 Kc7 9. a3 a5 10. e3 Bd6 11. Be2 a4 12. Nd2 Nc5 13. Bxf6 gxf6 14. Nce4 Nxe4 15. Nxe4 Be7 16. g4 f5 17. gxf5 Bxf5 18. Ng3 Be6 19. Rd2 f5 20. Bd3 Rhf8 21. f4 e4 22. Be2 Bc5 23. Nf1 Rg8 24. Rc2 Rg2 25. Kd2 Rd8+ 26. Ke1 Bb6 27. h4 Ba5+ 28. Nd2 Bxd2+ 29. Rxd2 Rxd2 30. Kxd2 Bxc4 0-1

[Event "Porto Mannu op 9th"]
[Site "Porto Mannu"]
[Date "2017.06.07"]
[Round "6"]
[White "Tafertshofer, Matthias"]
[Black "Lagumina, Giulio"]
[Result "1/2-1/2"]
[WhiteElo "1983"]
[BlackElo "2238"]
[PlyCount "38"]
[EventDate "2017.06.03"]
[EventType "swiss"]
[EventRounds "9"]
[EventCountry "ITA"]
[SourceTitle "CBM 178 Extra"]
[Source "ChessBase"]
[SourceDate "2017.06.22"]
[SourceVersion "1"]
[SourceVersionDate "2017.06.22"]
[SourceQuality "1"]

1. d4 g6 2. c4 Bg7 3. e4 d6 4. Nc3 e5 5. Be3 exd4 6. Bxd4 Nf6 7. Nf3 Nc6 8. Be3 0-0 9. Bd3 Bg4 10. h3 Bxf3 11. Qxf3 Ne5 12. Qe2 Nxd3+ 13. Qxd3 Re8 14. 0-0 Nd7 15. Rad1 Nc5 16. Bxc5 dxc5 17. Qxd8 Raxd8 18. Rxd8 Rxd8 19. Rd1 Rd4 1/2-1/2

[Event "Bad Woerishofen op 33rd"]
[Site "Bad Woerishofen"]
[Date "2017.03.13"]
[Round "4"]
[White "Tafertshofer, Matthias"]
[Black "Vehmeyer, Thomas"]
[Result "1-0"]
[WhiteElo "1975"]
[BlackElo "1797"]
[PlyCount "55"]
[EventDate "2017.03.10"]
[EventType "swiss"]
[EventRounds "9"]
[EventCountry "GER"]
[SourceTitle "EXT 2018"]
[Source "ChessBase"]
[SourceDate "2017.10.13"]
[SourceVersion "1"]
[SourceVersionDate "2017.10.13"]
[SourceQuality "1"]

1. d4 f5 2. Bg5 Nf6 3. Bxf6 exf6 4. e3 d5 5. c4 c6 6. Nc3 Bb4 7. Bd3 Be6 8. Qb3 Bxc3+ 9. bxc3 b6 10. Ne2 g5 11. 0-0 h5 12. cxd5 cxd5 13. Ng3 Qd7 14. Qc2 f4 15. exf4 gxf4 16. Bg6+ Kf8 17. Nxh5 f3 18. g3 Nc6 19. Nf4 Bh3 20. Rfe1 Rc8 21. Qd3 Ne7 22. Qxf3 Bg4 23. Qe3 Nc6 24. Bd3 Kg7 25. Bb5 Rce8 26. Qd3 Bf5 27. Bxc6 Bxd3 28. Bxd7 1-0

[Event "Oberliga Bayern 1617"]
[Site "Bayern"]
[Date "2016.12.04"]
[Round "3.8"]
[White "Kwan, Michael"]
[Black "Tafertshofer, Matthias"]
[Result "0-1"]
[WhiteElo "2113"]
[BlackElo "1988"]
[PlyCount "156"]
[EventDate "2016.10.16"]
[EventType "team-tourn"]
[EventRounds "9"]
[EventCountry "GER"]
[SourceTitle "EXT 2019"]
[Source "ChessBase"]
[SourceDate "2018.10.10"]
[SourceVersion "1"]
[SourceVersionDate "2018.10.10"]
[SourceQuality "1"]
[WhiteTeam "Muenchen 36"]
[BlackTeam "Weilheim"]
[WhiteTeamCountry "GER"]
[BlackTeamCountry "GER"]

1. Nf3 Nf6 2. c4 e6 3. g3 b6 4. Bg2 Bb7 5. 0-0 Be7 6. Nc3 0-0 7. Re1 d5 8. cxd5 exd5 9. d4 Nbd7 10. Bf4 Nh5 11. Bd2 Nhf6 12. Rc1 Rc8 13. Nb5 c5 14. Nxa7 Ra8 15. Nb5 Rxa2 16. Qb3 Ra8 17. Bf4 Ne4 18. Red1 Bc6 19. Nc3 c4 20. Qc2 Nxc3 21. Qxc3 Ba4 22. Re1 b5 23. e4 dxe4 24. Rxe4 Nf6 25. Re2 Nd5 26. Qd2 Bb4 27. Rc3 Bxc3 28. bxc3 Nxf4 29. Qxf4 Bb3 30. h4 Qf6 31. Qe4 Ra1+ 32. Kh2 Ra2 33. Rxa2 Bxa2 34. Ng5 g6 35. Qc2 Bb3 36. Qe2 b4 37. Ne4 Qe7 38. Qd2 bxc3 39. Qxc3 f6 40. Nc5 Qe2 41. Nxb3 cxb3 42. Qxb3+ Kg7 43. Qf3 Re8 44. Qxe2 Rxe2 45. Kg1 Re1+ 46. Kh2 Rd1 47. d5 f5 48. Bf3 Rd3 49. Bg2 Kf6 50. Kg1 Rd1+ 51. Kh2 Ke5 52. Bf3 Rd3 53. Bg2 Kd4 54. Kg1 Rd1+ 55. Kh2 Kc3 56. Bh1 Rd3 57. Kg1 Kd2 58. Kf1 Ra3 59. d6 Rd3 60. Bb7 Rxd6 61. Kg2 Ke1 62. f3 Rd2+ 63. Kh3 Kf1 64. h5 Kg1 65. g4 f4 66. Kh4 h6 67. g5 Rh2+ 68. Kg4 gxh5+ 69. Kxf4 hxg5+ 70. Kxg5 h4 71. f4 h3 72. Kh4 Rb2 73. Kxh3 Rxb7 74. Kg4 Kf2 75. Kg5 Ke3 76. f5 Ke4 77. f6 Ke5 78. Kg6 Rb6 0-1

[Event "Landesliga U20 Sued 1516"]
[Site "Bayern"]
[Date "2016.01.23"]
[Round "4.1"]
[White "Tafertshofer, Matthias"]
[Black "Botos, Arpad Szilveszter"]
[Result "1/2-1/2"]
[WhiteElo "1923"]
[BlackElo "1688"]
[PlyCount "119"]
[EventDate "2015.11.21"]
[EventType "team-tourn"]
[EventRounds "7"]
[EventCountry "GER"]
[SourceTitle "EXT 2022"]
[Source "ChessBase"]
[SourceDate "2021.10.06"]
[SourceVersion "1"]
[SourceVersionDate "2021.10.06"]
[SourceQuality "1"]
[WhiteTeam "Weilheim U20"]
[BlackTeam "Ebersberg Grafing U20"]
[WhiteTeamCountry "GER"]
[BlackTeamCountry "GER"]

1. d4 Nf6 2. c4 d6 3. Nc3 g6 4. e4 Bg7 5. Nf3 0-0 6. Be2 e5 7. 0-0 exd4 8. Nxd4 Re8 9. f3 Bd7 10. Be3 Nc6 11. Qd2 Nxd4 12. Bxd4 Bc6 13. Nd5 Bxd5 14. cxd5 c5 15. dxc6 bxc6 16. Rfd1 d5 17. exd5 cxd5 18. Bb5 Re6 19. Rac1 a6 20. Bc6 Rc8 21. Bb7 Rb8 22. Bc6 Rc8 23. Ba4 Rxc1 24. Rxc1 Qb8 25. Qc3 Qf4 26. g3 Qg5 27. f4 Qh6 28. Qc8+ Bf8 29. Bc5 Re2 30. Qxf8+ Qxf8 31. Bxf8 Kxf8 32. Rc2 Rxc2 33. Bxc2 Ke7 34. b4 d4 35. Bd3 Nd5 36. a3 Nc7 37. Kf2 f6 38. Bc4 Nb5 39. a4 Nc3 40. a5 Kd6 41. Bxa6 Nd5 42. b5 Nc7 43. Ke2 Kc5 44. Kd3 h6 45. g4 f5 46. gxf5 gxf5 47. h3 Ne6 48. b6 Nxf4+ 49. Kd2 Kc6 50. Bc8 Nd5 51. Bxf5 Nxb6 52. axb6 Kxb6 53. Kd3 Kc5 54. Ke4 Kd6 55. Kxd4 Ke7 56. Ke5 Kf8 57. Kf6 Kg8 58. Kg6 Kh8 59. Kxh6 Kg8 60. h4 1/2-1/2

[Event "Landesliga U20 Sued 1516"]
[Site "Bayern"]
[Date "2016.01.23"]
[Round "5.1"]
[White "Xiong, Ferdinand"]
[Black "Tafertshofer, Matthias"]
[Result "1-0"]
[WhiteElo "2177"]
[BlackElo "1923"]
[PlyCount "49"]
[EventDate "2015.11.21"]
[EventType "team-tourn"]
[EventRounds "7"]
[EventCountry "GER"]
[SourceTitle "EXT 2022"]
[Source "ChessBase"]
[SourceDate "2021.10.06"]
[SourceVersion "1"]
[SourceVersionDate "2021.10.06"]
[SourceQuality "1"]
[WhiteTeam "Vaterstetten Grasbrunn U20"]
[BlackTeam "Weilheim U20"]
[WhiteTeamCountry "GER"]
[BlackTeamCountry "GER"]

1. Nf3 e6 2. g3 b6 3. Bg2 Bb7 4. 0-0 Nf6 5. c4 Be7 6. d4 0-0 7. Nc3 d5 8. Ne5 Nbd7 9. Bf4 Qc8 10. Rc1 dxc4 11. Nc6 Bxc6 12. Bxc6 Rb8 13. Nb5 Nd5 14. Qa4 Nxf4 15. gxf4 Nf6 16. Nxa7 Qd8 17. Qxc4 Qd6 18. e3 Qb4 19. Qxb4 Bxb4 20. a3 Bd6 21. Nb5 Rfc8 22. Rc4 Kf8 23. Rfc1 Ke7 24. Bf3 Ne8 25. Na7 1-0

[Event "Landesliga U20 Sued 1516"]
[Site "Bayern"]
[Date "2015.11.21"]
[Round "1.1"]
[White "Imnadze, Nato"]
[Black "Tafertshofer, Matthias"]
[Result "1/2-1/2"]
[WhiteElo "2262"]
[BlackElo "1923"]
[PlyCount "65"]
[EventDate "2015.11.21"]
[EventType "team-tourn"]
[EventRounds "7"]
[EventCountry "GER"]
[SourceTitle "EXT 2022"]
[Source "ChessBase"]
[SourceDate "2021.10.06"]
[SourceVersion "1"]
[SourceVersionDate "2021.10.06"]
[SourceQuality "1"]
[WhiteTeam "Forstenried U20"]
[BlackTeam "Weilheim U20"]
[WhiteTeamCountry "GER"]
[BlackTeamCountry "GER"]

1. e4 e6 2. d4 d5 3. Nd2 Be7 4. Ngf3 Nf6 5. Bd3 b6 6. c3 c5 7. 0-0 Nc6 8. Bb5 Bd7 9. e5 Ne4 10. Bd3 Nxd2 11. Bxd2 h6 12. Re1 g5 13. Be3 Qc7 14. b3 Na5 15. Nd2 0-0-0 16. Rb1 c4 17. Be2 Kb8 18. Qc2 Rc8 19. bxc4 Nxc4 20. Nxc4 dxc4 21. Bf3 Bc6 22. Be4 Bxe4 23. Qxe4 Qc6 24. Bd2 Kb7 25. f4 Rhg8 26. Qxc6+ Kxc6 27. Rf1 Rcf8 28. fxg5 hxg5 29. Rf2 f5 30. exf6 Rxf6 31. Rxf6 Bxf6 32. Rf1 Rg6 33. Re1 1/2-1/2

[Event "Landesliga U20 Sued 1415"]
[Site "Bayern"]
[Date "2015.01.24"]
[Round "4.1"]
[White "Tafertshofer, Matthias"]
[Black "Fesl, Henrik"]
[Result "1/2-1/2"]
[WhiteElo "1923"]
[BlackElo "1643"]
[PlyCount "69"]
[EventDate "2014.11.15"]
[EventType "team-tourn"]
[EventRounds "7"]
[EventCountry "GER"]
[SourceTitle "EXT 2022"]
[Source "ChessBase"]
[SourceDate "2021.10.06"]
[SourceVersion "1"]
[SourceVersionDate "2021.10.06"]
[SourceQuality "1"]
[WhiteTeam "Weilheim U20"]
[BlackTeam "Ergolding FC U20"]
[WhiteTeamCountry "GER"]
[BlackTeamCountry "GER"]

1. d4 d5 2. c4 e6 3. Nf3 Nf6 4. e3 c5 5. b3 cxd4 6. exd4 Nc6 7. Bb2 Bb4+ 8. Nbd2 b6 9. Bd3 Bb7 10. 0-0 0-0 11. Qe2 Rc8 12. Rfd1 Re8 13. Nf1 Na5 14. Ne5 Nc6 15. Ng3 dxc4 16. bxc4 Bd6 17. Ne4 Bxe5 18. dxe5 Nxe4 19. Qxe4 g6 20. Qf4 Qe7 21. Be2 Red8 22. Rd6 Rd7 23. Rad1 Rcd8 24. Ba3 Rxd6 25. Bxd6 Qe8 26. Rd3 Ne7 27. g4 Nc8 28. Bf3 Nxd6 29. Rxd6 Rxd6 30. exd6 Bxf3 31. Qxf3 Qa4 32. Qd3 Qd7 33. Qd4 e5 34. Qxe5 Qxg4+ 35. Kh1 1/2-1/2

[Event "Bayernliga U20 1314"]
[Site "Bayern"]
[Date "2014.02.15"]
[Round "6.1"]
[White "Tafertshofer, Matthias"]
[Black "Schulz, Lukas"]
[Result "1/2-1/2"]
[WhiteElo "1923"]
[BlackElo "2158"]
[PlyCount "47"]
[EventDate "2013.11.16"]
[EventType "team-tourn"]
[EventRounds "7"]
[EventCountry "GER"]
[SourceTitle "EXT 2022"]
[Source "ChessBase"]
[SourceDate "2021.10.06"]
[SourceVersion "1"]
[SourceVersionDate "2021.10.06"]
[SourceQuality "1"]
[WhiteTeam "Weilheim U20"]
[BlackTeam "Hoechstadt SC U20"]
[WhiteTeamCountry "GER"]
[BlackTeamCountry "GER"]

1. d4 c5 2. d5 e5 3. e4 d6 4. Nc3 Ne7 5. Nf3 g6 6. Be2 Bg7 7. 0-0 0-0 8. Bg5 f5 9. Nd2 h6 10. Bxe7 Qxe7 11. Nc4 Na6 12. a3 Nc7 13. b4 cxb4 14. axb4 b6 15. f3 Bd7 16. Ra3 Nb5 17. Nxb5 Bxb5 18. Nb2 Bxe2 19. Qxe2 Qc7 20. c4 fxe4 21. fxe4 Rxf1+ 22. Qxf1 Rf8 23. Rf3 a5 24. Rxf8+ 1/2-1/2

[Event "Bayernliga U20 1314"]
[Site "Bayern"]
[Date "2013.11.30"]
[Round "2.1"]
[White "Ott, Florian"]
[Black "Tafertshofer, Matthias"]
[Result "1-0"]
[WhiteElo "2267"]
[BlackElo "1923"]
[PlyCount "67"]
[EventDate "2013.11.16"]
[EventType "team-tourn"]
[EventRounds "7"]
[EventCountry "GER"]
[SourceTitle "EXT 2022"]
[Source "ChessBase"]
[SourceDate "2021.10.06"]
[SourceVersion "1"]
[SourceVersionDate "2021.10.06"]
[SourceQuality "1"]
[WhiteTeam "Amberg SGS U20"]
[BlackTeam "Weilheim U20"]
[WhiteTeamCountry "GER"]
[BlackTeamCountry "GER"]

1. d4 Nf6 2. c4 e5 3. dxe5 Ng4 4. Bf4 Nc6 5. Nf3 Bb4+ 6. Nbd2 Qe7 7. e3 Ngxe5 8. Nxe5 Nxe5 9. Be2 0-0 10. 0-0 Bxd2 11. Qxd2 d6 12. Qd5 Ng6 13. Bg3 Rb8 14. Qa5 a6 15. c5 b6 16. cxd6 cxd6 17. Qa3 Rd8 18. Rfd1 Ne5 19. Rd4 Rb7 20. Bh4 f6 21. Rad1 Nf7 22. Bg3 Rbd7 23. Bg4 Rc7 24. Bxc8 Rcxc8 25. Qxa6 Ra8 26. Qc4 Kh8 27. a3 Ne5 28. Qb3 Rab8 29. h3 h6 30. Rd5 Rd7 31. Qb4 Nc6 32. Qb5 Ne5 33. Bxe5 fxe5 34. Rxe5 1-0

[Event "Bayernliga U20 1314"]
[Site "Bayern"]
[Date "2013.11.16"]
[Round "1.1"]
[White "Bergauz, Noam"]
[Black "Tafertshofer, Matthias"]
[Result "1-0"]
[WhiteElo "2236"]
[BlackElo "1923"]
[PlyCount "63"]
[EventDate "2013.11.16"]
[EventType "team-tourn"]
[EventRounds "7"]
[EventCountry "GER"]
[SourceTitle "EXT 2022"]
[Source "ChessBase"]
[SourceDate "2021.10.06"]
[SourceVersion "1"]
[SourceVersionDate "2021.10.06"]
[SourceQuality "1"]
[WhiteTeam "Muenchen Suedost SK U20"]
[BlackTeam "Weilheim U20"]
[WhiteTeamCountry "GER"]
[BlackTeamCountry "GER"]

1. e4 e6 2. d4 d5 3. Nd2 Be7 4. Ngf3 Nf6 5. e5 Nfd7 6. c3 c5 7. Bd3 b6 8. Nf1 Ba6 9. Ng3 h5 10. h4 Bxd3 11. Qxd3 Nc6 12. Ng5 cxd4 13. cxd4 Bb4+ 14. Kf1 Qc7 15. a3 Be7 16. Bd2 Nf8 17. Rc1 f6 18. Nf3 Qd7 19. Bf4 Rc8 20. Ke2 Na5 21. Rxc8+ Qxc8 22. Rc1 Qd7 23. exf6 gxf6 24. Rc7 Qd8 25. Qb5+ Kf7 26. Rxa7 Ng6 27. Bc7 Qc8 28. b3 Nb7 29. Qxb6 Nd8 30. Bd6 Qc2+ 31. Nd2 Nc6 32. Rc7 1-0